| 000 | 004260000a22001690004500 | ||
|---|---|---|---|
| 003 | MACL | ||
| 005 | 20160101153930.0 | ||
| 008 | 160101b xxu||||| |||| 00| 0 eng d | ||
| 040 |
_aMACL _cMACL |
||
| 041 | _aEnglish | ||
| 082 | _a362.53/HAL | ||
| 100 |
_aHalan, Y C _926574 |
||
| 245 | _aPoverty In The Usa | ||
| 260 |
_bSurjeet Publications _c1978 _aDelhi |
||
| 650 |
_aSocial Science _926576 |
||
| 942 |
_cBK _k362.573/Hal _2ddc |
||
| 999 |
_c36437 _d36437 |
||